Catálogo
 En Linea

Nuevo diccionario filosofico de la URSS. / (Registro nro. 34632)

Detalles MARC
000 -CABECERA
campo de control de longitud fija 00721nam a2200193 a 4500
001 - NÚMERO DE CONTROL
campo de control 000035141
005 - FECHA Y HORA DE LA ÚLTIMA TRANSACCIÓN
campo de control 20200930074130.0
008 - DATOS DE LONGITUD FIJA--INFORMACIÓN GENERAL
campo de control de longitud fija 111025s1944 000 spa d
082 ## - NÚMERO DE LA CLASIFICACIÓN DECIMAL DEWEY
Número de clasificación R103
Número de documento/Ítem R815n
040 ## - FUENTE DE LA CATALOGACIÓN
Centro catalogador/agencia de origen DO-SdBNP
100 1# - ENTRADA PRINCIPAL--NOMBRE DE PERSONA
Nombre de persona Rosental, Mark Moiseevich
9 (RLIN) 60842
245 10 - MENCIÓN DE TÍTULO
Título Nuevo diccionario filosofico de la URSS. /
Mención de responsabilidad, etc. M. M. Rosental y P. F Iudin ; traducción del ruso Rafael Bolotin.
260 ## - PUBLICACIÓN, DISTRIBUCIÓN, ETC.
Lugar de publicación, distribución, etc. Montevideo :
Nombre del editor, distribuidor, etc. Ediciones Pueblos Unidos,
Fecha de publicación, distribución, etc. 1944.
500 ## - NOTA GENERAL
Nota general Título original en ruso.
590 ## - NOTA LOCAL (RLIN)
Nota local Perteneció a la biblioteca personal de Juan Isidro Jimenes Grullón
650 #4 - PUNTO DE ACCESO ADICIONAL DE MATERIA--TÉRMINO DE MATERIA
Término de materia o nombre geográfico como elemento de entrada Filosofía
Subdivisión de forma DICCIONARIO
9 (RLIN) 60843
700 ## - PUNTO DE ACCESO ADICIONAL--NOMBRE DE PERSONA
Nombre de persona Bolotin, Rafael,
Término indicativo de función/relación tr.
9 (RLIN) 60844
910 ## - DATOS DE OPCIÓN DEL USUARIO (OCLC)
Datos de opción del usuario Validado. Control de calidad BNPHU
Existencias
Estado de retiro Estado de pérdida No para préstamo Código de colección Localización permanente Ubicación/localización actual Ubicación en estantería Fecha de adquisición Número de inventario Total de préstamos Signatura topográfica completa Código de barras Fecha visto por última vez Precio válido a partir de Tipo de ítem Koha
    Préstamo restrigido Referencia General General Biblioteca Nacional Pedro Henríquez Ureña En encuadernación 25.10.2011 LF1   R103 R815n 35141-10 25.06.2020 25.06.2020 No se presta

Con tecnología Koha